| 000 | 00335nam a2200133Ia 4500 | ||
|---|---|---|---|
| 005 | 20251222143310.0 | ||
| 008 | 251222s9999||||xx |||||||||||||| ||spa|| | ||
| 020 | _a9978-42-702-3 | ||
| 082 | _a726.6/M52 | ||
| 100 | _aMicó Buchón, José Luis | ||
| 245 | 0 | _aLa Iglesia de la Compañía de Quito | |
| 264 | _bGammaprint | ||
| 942 | _cLIB | ||
| 999 |
_c15665 _d15665 |
||